The origins and development of labor economics : a chapter in the history of social thought

Αποθηκεύτηκε σε:
Λεπτομέρειες βιβλιογραφικής εγγραφής
Κύριος συγγραφέας: McNulty, Paul J.
Μορφή: Βιβλίο
Γλώσσα:English
Δημοσίευση: Cambridge, Mass. : MIT Press, c1980
Θέματα:
Ετικέτες: Προσθήκη ετικέτας
Δεν υπάρχουν, Καταχωρήστε ετικέτα πρώτοι!

MARC

LEADER 00000cam a2200000 i 4500
001 1/30977
008 960424s1980 eng d
020 |a 0262131625 
035 |l 10023498 
040 |a GR-MY-UA  |b gre  |e aacr 
041 0 |a eng 
082 0 |a 331.09 
100 1 |a McNulty, Paul J. 
245 1 4 |a The origins and development of labor economics :  |b a chapter in the history of social thought /  |c Paul J. McNulty 
260 |a Cambridge, Mass. :   |b MIT Press,   |c c1980 
300 |a viii, 248 p.;  |c 24 cm. 
504 |a Includes bibliographical references and index 
650 0 0 |a Labor economics  |x History. 
650 0 0 |a Economics  |x History. 
852 |a INST  |b CHIOS  |e 19960424  |h 331.09 MCN  |p 005200005757  |q 005200005757  |t BK  |y 0 
909 |a Χ  |b 001673